| 000 | 01683nam a22003377a 4500 | ||
|---|---|---|---|
| 001 | 336 | ||
| 003 | OSt | ||
| 005 | 20250528074018.0 | ||
| 008 | 250328b |||||||e |||| 00| 1 eng d | ||
| 040 | _bpor | ||
| 041 |
_heng _apor |
||
| 082 |
_a823 _bG799n |
||
| 100 | 1 |
_aGreene, Graham, _d1904-1991. _9698 |
|
| 240 | _aOur man in Havana | ||
| 245 |
_aNosso homem em Havana / _cGreene, Graham ; Tradução de Brenno Silveira |
||
| 260 |
_aSão Paulo _bAbril _c1972 |
||
| 300 | _a283 p. | ||
| 490 | 1 |
_aOs imortais da Literatura Universal _vvol. 41 |
|
| 520 | _aNeste livro, publicado em 1958, Graham Greene (1904-1991) adota um tom satírico para falar sobre um tema recorrente em sua obra - o do espião em terra estrangeira. Neste caso, a experiência como agente do Serviço Secreto Britânico permitiu ao escritor situar suas tramas em lugares reais - restando sempre a dúvida de onde começa e termina a ficção. Em Nosso Homem em Havana, Greene descreve o ambiente da Cuba pré-revolução, revelando uma rede de intrigas e um ambiente paranóico que mostra o esquema - muitas vezes absurdo - das relações internacionais. A história se transformou num grande filme noir em 1959, nas mãos do diretor Carol Reed, que captou perfeitamente o clima tropical da Havana de Greene. | ||
| 650 | 0 |
_aLiteratura Inglesa _989 |
|
| 650 | 0 |
_aCrime e Investigação _913 |
|
| 650 | 0 |
_aEspionagem _9699 |
|
| 650 | 0 |
_aHistórico _953 |
|
| 650 | 0 |
_aClássicos _977 |
|
| 650 | 0 |
_aFilme _926 |
|
| 655 | 0 |
_aRomance _923 |
|
| 655 | 0 |
_aFicção _922 |
|
| 700 |
_aBrenno SIlveira _d1911- _eTRADUTOR _9647 |
||
| 830 |
_aOs Imortais da Literatura Universal _9461 _vvol. 41 |
||
| 942 |
_2ddc _n0 _cBK |
||
| 999 |
_c336 _d336 |
||